Dược động học những kiến thức cơ bản : Tài liệu học tập dành cho học viên trong và sau đại học
Trình bày những kiến thức cơ bản về hấp thụ, phân bố, chuyển hóa, thải trừ thuốc khi nghiên cứu trên cá thể bình thường khỏe mạnh
Đã lưu trong:
| Hovedforfatter: | |
|---|---|
| Format: | Bog |
| Sprog: | Vietnamese |
| Udgivet: |
H.
y học
2016
|
| Udgivelse: | Tái bản lần thứ nhất |
| Fag: | |
| Tags: |
Tilføj Tag
Ingen Tags, Vær først til at tagge denne postø!
|
| Thư viện lưu trữ: | Thư viện Trường Đại học Nam Cần Thơ |
|---|
| LEADER | 01380nam a22002417a 4500 | ||
|---|---|---|---|
| 001 | NCT_29435 | ||
| 008 | 180413b xxu||||| |||| 00| 0 vie d | ||
| 999 | |c 1417 |d 1417 | ||
| 020 | |a 9786046620501 |c 39000 | ||
| 082 | 0 | 4 | |2 23rd ed. |a 615.1 |b H527 |
| 100 | 1 | |a Hoàng Thị Kim Huyền |e Chủ biên | |
| 245 | 1 | 0 | |a Dược động học những kiến thức cơ bản |b : Tài liệu học tập dành cho học viên trong và sau đại học |c Hoàng Thị Kim Huyền |
| 250 | |a Tái bản lần thứ nhất | ||
| 260 | |a H. |b y học |c 2016 | ||
| 300 | |a 130 tr. |b Minh họa |c 27cm | ||
| 500 | |a ĐTTS ghi: Bộ Y Tế - Vụ khoa học và đào tạo | ||
| 520 | 3 | |a Trình bày những kiến thức cơ bản về hấp thụ, phân bố, chuyển hóa, thải trừ thuốc khi nghiên cứu trên cá thể bình thường khỏe mạnh | |
| 653 | |a Y đa khoa | ||
| 653 | |a Dược học | ||
| 942 | |2 ddc |c BK | ||
| 952 | |0 0 |1 0 |2 ddc |4 0 |6 615_100000000000000_H527 |7 0 |9 6867 |a 000001 |b 000001 |d 2018-04-13 |o 615.1 H527 |p MD.11354 |r 2018-04-13 |v 39000.00 |w 2018-04-13 |y BK | ||
| 952 | |0 0 |1 0 |2 ddc |4 0 |6 615_100000000000000_H527 |7 0 |9 6868 |a 000001 |b 000001 |d 2018-04-13 |l 4 |o 615.1 H527 |p MD.11355 |q 2022-03-04 |r 2022-02-18 |s 2022-02-18 |v 39000.00 |w 2018-04-13 |y BK | ||
| 980 | |a Thư viện Trường Đại học Nam Cần Thơ | ||


